000 00425nam a2200181Ia 4500
001 16365
005 20260306170304.0
008 260306t2013||||xx |||||||||||||| ||und||
041 _aESP
082 _a348.54
_bR63
100 _aRìos Granados, Gabriela
_eAUT
245 0 _aTributación ambiental
260 _c2013
300 _a239 páginas :
_c24 cm.
650 _aGEN
654 _aCDE
942 _cLIB
_dJUS
_fJUS
_2ddc
_n
999 _c16365
_d16365